Kliknij miasta województwa śląskiego na mapie - Statystyki

Ogólne statystyki
  • Ten quiz został rozwiązany 990 razy
    620 od ostatniego zresetowania
  • Średni wynik to 40 z 75
Odpowiedzi na mapie
Odpowiedzi zakodowano w zielono-czerwonej skali na mapie do tego quizu, zgodnie z poniższymi procentami.
 
Statystyki odpowiedzi
Odpowiedź % Poprawnych
Katowice
90%
Częstochowa
87%
Bielsko-Biała
85%
Gliwice
82%
Sosnowiec
80%
Cieszyn
77%
Tychy
76%
Żywiec
76%
Jastrzębie-Zdrój
74%
Rybnik
73%
Zawiercie
73%
Zabrze
71%
Chorzów
69%
Racibórz
69%
Pszczyna
67%
Kłobuck
66%
Mysłowice
65%
Ruda Śląska
65%
Dąbrowa Górnicza
64%
Będzin
63%
Lubliniec
63%
Myszków
63%
Tarnowskie Góry
63%
Wisła
63%
Ustroń
62%
Wodzisław Śląski
61%
Siemianowice Śląskie
60%
Szczyrk
60%
Czechowice-Dziedzice
59%
Jaworzno
59%
Kuźnia Raciborska
58%
Świętochłowice
58%
Olsztyn
56%
Żory
56%
Bytom
53%
Skoczów
53%
Koniecpol
52%
Blachownia
51%
Czeladź
48%
Knurów
48%
Sławków
48%
Szczekociny
48%
Mikołów
47%
Piekary Śląskie
47%
Orzesze
46%
Pyskowice
46%
Wilamowice
46%
Czerwionka-Leszczyny
45%
Sośnicowice
45%
Strumień
45%
Bieruń
43%
Łaziska Górne
43%
Radzionków
43%
Siewierz
43%
Lędziny
41%
Miasteczko Śląskie
41%
Toszek
41%
Wojkowice
40%
Imielin
39%
Kalety
39%
Łazy
39%
Radlin
39%
Koziegłowy
38%
Krzepice
38%
Pilica
37%
Pszów
37%
Ogrodzieniec
36%
Janów
35%
Poręba
35%
Woźniki
35%
Rydułtowy
34%
Żarki
34%
Krzanowice
33%
Przyrów
32%
Włodowice
30%
Nie znaleziono quizów pasujących do podanych kryteriów
Rozkład punktacji
Procent ludzi z każdym wynikiem
Percentyl według liczby udzielonych odpowiedzi
Twoja historia wyników
Nie rozwiązałeś tego quizu od ostatniego zresetowania